El mundo en la mesa (Record no. 110668)

MARC details
000 -LEADER
campo de control de longitud fija 00853nam a2200253 i 4500
001 - NÚMERO DE CONTROL
campo de control 110668
003 - IDENTIFICADOR DE NÚMERO DE CONTROL
campo de control ES-MaACL
005 - FECHA Y HORA DE LA ÚLTIMA TRANSACCIÓN
campo de control 20230906185127.0
007 - CAMPO FIJO DE DESCRIPCIÓN FÍSICA--INFORMACIÓN GENERAL
campo de control de longitud fija t|
008 - DATOS DE LONGITUD FIJA--INFORMACIÓN GENERAL
campo de control de longitud fija 070117s1956 sp ap d |||| | spa d
080 ## - NÚMERO DE LA CLASIFICACIÓN DECIMAL UNIVERSAL
Número de la Clasificación Decimal Universal 641.59(100)
245 03 - MENCIÓN DEL TÍTULO
Título El mundo en la mesa
Resto del título : Guía-diccionario de la gastronomía internacional /
Mención de responsabilidad, etc. Doré Ogrizek ; textos de Francis Amunátegui ... [et al.] ; ilustraciones de Ben ... [et al.].
250 ## - MENCION DE EDICION
Mención de edición 1ª ed.
260 ## - PUBLICACIÓN, DISTRIBUCIÓN, ETC.
Lugar de publicación, distribución, etc. Madrid :
Nombre del editor, distribuidor, etc. Castilla,
Fecha de publicación, distribución, etc. 1956.
300 ## - DESCRIPCIÓN FÍSICA
Extensión 520 p.,16 h. :
Otras características físicas il. col. y n. ;
Dimensiones 17 cm.
490 1# - MENCIÓN DE SERIE
Mención de serie El mundo en color ;
Designación de volumen o secuencia 10
650 14 - PUNTO DE ACCESO ADICIONAL DE MATERIA--TÉRMINO DE MATERIA
Término de materia o nombre geográfico como elemento de entrada Gastronomía-
Subdivisión de forma Diccionarios.
9 (RLIN) 13038
700 1# - ENTRADA AGREGADA--NOMBRE PERSONAL
Nombre de persona Ogrizek, Doré.
9 (RLIN) 86581
700 1# - ENTRADA AGREGADA--NOMBRE PERSONAL
Nombre de persona Amunátegui, Francis.
9 (RLIN) 21349
700 1# - ENTRADA AGREGADA--NOMBRE PERSONAL
Nombre de persona Ben.
9 (RLIN) 27401
830 0# - PUNTO DE ACCESO ADICIONAL DE SERIE-TÍTULO UNIFORME
Título uniforme El mundo en color ;
Designación de volumen o secuencia 10
9 (RLIN) 185631
852 ## - LOCALIZACIÓN
Ubicación ES-MaACL
Número de control de estantería E-3761
Holdings
Estatus retirado Estado de pérdida Estado de daño No para préstamo Colección Biblioteca de origen Biblioteca actual Ubicación en estantería Fecha de adquisición Fuente de adquisición Total de préstamos Signatura topográfica completa Código de barras Visto por última vez Precio de reemplazo Tipo de ítem Koha
        Colección de referencia Biblioteca del Ateneo de Madrid Biblioteca del Ateneo de Madrid Depósito 2 17/01/2008     E-3761 1115462 23/02/2023 23/02/2023 Libro impreso